000 00522nmm a2200169Ia 4500
008 251105s9999||||xx |||||||||||||||||und||
020 _a9788417556013
041 _aspa
100 _aLangle de Paz, Teresa
245 0 _aLa urgencia de vivir. Teoría feminista de las emociones
264 _a[Madrid, España] :
_bAnthropos,
_c2018
300 _a320 páginas
490 _aPensamiento crítico / Pensamiento utópico
650 _aPsychology
856 _uhttps://public.digitaliapublishing.com/a/60396
942 _cCF
999 _c78899
_d78899